| 000 | 00648nam a22001337a 4500 | ||
|---|---|---|---|
| 040 | _cRUA | ||
| 082 | _aAGR KIN 2021 B1-586 Or. | ||
| 100 | _aKIN POTHY,គិន ពុទ្ធី | ||
| 245 | _aEFFECT OF DEFFERENT ORGANIC MULCHING ON GROWTH AND YIELD OF CHINESE RADISH,ឥទ្ធិពលគម្របសរីរាង្គផ្សេងៗគ្នាទៅលើការលូតលាស់ និងទិន្នផលដំណាំឆៃថាវ | ||
| 260 |
_aphnom penh _brua _c2021 |
||
| 300 |
_ax.39p. _bill. _c29cm. |
||
| 856 | _uhttps://drive.google.com/file/d/1m3Ml_FVEVbcftMRyu5w4eoJNlh6Sifcv/view?usp=sharing | ||
| 942 | _cAGR | ||
| 999 |
_c22697 _d22697 |
||